上海地铁线路图-Shanghai Metro Line Map - Statistics

General Stats
  • This quiz has been taken 147 times
  • The average score is 134 of 411
Answers on the Map
Answers color-coded by a green-red scale on the quiz's map according to % correct below.
 
Answer Stats
站名 % Correct
南京东路
92%
陆家嘴
92%
人民广场
90%
南京西路
89%
徐家汇
87%
虹桥火车站
87%
静安寺
87%
上海南站
84%
上海火车站
84%
滴水湖
84%
豫园
80%
迪士尼
80%
花桥
80%
世纪大道
79%
龙阳路
79%
交通大学
77%
复旦大学
77%
莘庄
75%
大世界
75%
国家会展中心
74%
张江高科
74%
西藏南路
74%
汉中路
72%
上海西站
72%
一大会址黄陂南路
70%
上海科技馆
70%
五角场
70%
虹桥2号航站楼
70%
上海体育馆
69%
陕西南路
69%
中山公园
69%
同济大学
69%
浦东南路
67%
川沙
67%
上海图书馆
67%
浦东1号2号航站楼
67%
海天三路
66%
上海体育场
66%
打浦桥
66%
江苏路
64%
上海动物园
64%
宝山路
62%
四平路
62%
一大会址新天地
62%
嘉定北
62%
虹桥1号航站楼
62%
常熟路
61%
肇嘉浜路
61%
老西门
61%
小南门
61%
嘉定新城
61%
上海财经大学
61%
虹口足球场
59%
东方体育中心
59%
西藏北路
59%
四川北路
59%
三林
59%
南浦大桥
57%
浦电路
57%
上海赛车场
57%
复兴岛
57%
淮海中路
57%
娄山关路
56%
松江大学城
56%
佘山
56%
高桥
56%
上海游泳馆
56%
富锦路
54%
世纪公园
54%
广兰路
54%
远东大道
54%
奉贤新城
54%
闵行开发区
54%
中华艺术宫
54%
沈杜公路
54%
上海松江站
54%
马当路
54%
国权路
54%
江湾体育场
54%
华夏中路
54%
锦江乐园
52%
淞虹路
52%
威宁路
52%
华夏东路
52%
延安西路
52%
花木路
52%
曲阜路
52%
商城路
52%
航中路
52%
龙华
52%
三林东
52%
虹桥路
51%
美兰湖
51%
上海大学
51%
松江新城
51%
杨高中路
51%
国际客运中心
51%
世博会博物馆
51%
三林南
51%
宜山路
49%
金沙江路
49%
浦东大道
49%
陆家浜路
49%
桂林路
49%
曹路
49%
罗山路
49%
曹杨路
48%
向城路
48%
杨高南路
48%
嘉定西
48%
南翔
48%
封浜
48%
康桥
48%
江杨北路
46%
市光路
46%
七宝
46%
真如
46%
外环路
44%
共富新村
44%
北新泾
44%
后滩
44%
天潼路
44%
御桥
44%
提篮桥
44%
紫竹高新区
44%
大连路
43%
外高桥保税区北
43%
外高桥保税区南
43%
华夏西路
43%
嘉善路
43%
杨高北路
43%
世博大道
43%
张江路
43%
华东理工大学
43%
漕宝路
41%
上海马戏城
41%
金科路
41%
基隆路
41%
真新新村
41%
上海国际旅游度假区
41%
彭浦新村
39%
海伦路
39%
武宁路
39%
青浦新城
39%
周浦
39%
长江南路
38%
成山路
38%
桂桥路
38%
临港大道
38%
东方绿舟
38%
康桥东
38%
石龙路
36%
春申路
36%
泗泾
36%
中春路
36%
金运路
36%
大渡河路
36%
自然博物馆
36%
武定路
36%
野生动物园
36%
航头
36%
唐镇
34%
凌空路
34%
源深体育中心
34%
顾村公园
34%
耀华路
34%
景洪路
34%
书院
34%
朱家角
34%
莲花路
33%
衡山路
33%
中山北路
33%
镇坪路
33%
港城路
33%
上大路
33%
大场镇
33%
浦江镇
33%
醉白池
33%
伊犁路
33%
新江湾城
33%
浦东足球场
33%
新闸路
31%
龙漕路
31%
漕溪路
31%
铁力路
31%
鲁班路
31%
九亭
31%
漕河泾开发区
31%
龙耀路
31%
安亭
31%
金沙江西路
31%
北蔡
31%
西岑
31%
创新中路
30%
昌平路
30%
桂林公园
30%
源深路
30%
红宝石路
30%
惠南
30%
赤峰路
28%
江湾镇
28%
大木桥路
28%
东安路
28%
长寿路
28%
洞泾
28%
陈翔公路
28%
周浦东
28%
惠南东
28%
汶水路
26%
大柏树
26%
蓝村路
26%
金海路
26%
宋园路
26%
紫藤路
26%
七莘路
26%
中科路
26%
歇浦路
26%
延长路
25%
呼兰路
25%
东宝兴路
25%
水产路
25%
颛桥
25%
巨峰路
25%
龙华中路
25%
龙柏新村
25%
桃浦新村
25%
隆德路
25%
康新公路
25%
上海汽车城
25%
江宁路
25%
学林路
25%
昌邑路
25%
宝安公路
23%
塘桥
23%
蓝天路
23%
金桥
23%
龙溪路
23%
邮电新村
23%
马陆
23%
武威路
23%
秀沿路
23%
铜川路
23%
中潭路
21%
殷高西路
21%
友谊路
21%
临平路
21%
杨树浦路
21%
银都路
21%
江浦路
21%
水城路
21%
江浦公园
21%
东川路
20%
上海儿童医学中心
20%
高科西路
20%
上南路
20%
场中路
20%
长清路
20%
芳甸路
20%
白银路
20%
莲溪路
20%
航头东
20%
友谊西路
18%
剑川路
18%
芳华路
18%
黄兴路
18%
鞍山新村
18%
李子园
18%
云锦路
18%
兆丰路
18%
吴中路
18%
蟠龙路
18%
北中路
18%
通河新村
16%
张华浜
16%
金桥路
16%
临沂新村
16%
祁华路
16%
锦绣路
16%
松江体育中心
16%
殷高东路
16%
高桥西
16%
枫桥路
16%
虹梅路
16%
爱国路
16%
长风公园
16%
殷高路
16%
下沙
16%
淞发路
15%
云山路
15%
嫩江路
15%
星中路
15%
合川路
15%
三门路
15%
祁连山路
15%
光明路
15%
昌吉东路
15%
顾戴路
15%
祁连山南路
15%
真北路
15%
真光路
15%
中宁路
15%
梅岭北路
15%
元江路
15%
鹤沙航城
15%
淀山湖大道
15%
抚顺路
15%
汇臻路
15%
宝杨路
13%
北桥
13%
东明路
13%
灵岩南路
13%
南陈路
13%
行知路
13%
大华三路
13%
新村路
13%
岚皋路
13%
翔殷路
13%
黄兴公园
13%
延吉中路
13%
曲阳路
13%
中兴路
13%
台儿庄路
13%
民雷路
13%
浦三路
13%
虹莘路
13%
南大路
13%
武威东路
13%
罗秀路
13%
双柏路
13%
赵巷
13%
嘉松中路
13%
徐盈路
13%
平凉路
13%
丹阳路
13%
芳芯路
13%
共康路
11%
淞滨路
11%
江川路
11%
西渡
11%
望园路
11%
金海湖
11%
民生路
11%
罗南新村
11%
杨思
11%
凌兆新村
11%
江月路
11%
金吉路
11%
顾唐路
11%
丰庄
11%
定边路
11%
锦秋路
11%
姚虹路
11%
朱梅路
11%
虹梅南路
11%
永德路
11%
三鲁公路
11%
萧塘
10%
奉浦大道
10%
金平路
10%
华宁路
10%
文井路
10%
航津路
10%
高青路
10%
潘广路
10%
刘行
10%
云台路
10%
芦恒路
10%
东兰路
10%
宁国路
10%
景西路
10%
环城东路
8%
五洲大道
8%
东靖路
8%
博兴路
8%
北洋泾路
8%
联航路
8%
国帆路
8%
双江路
8%
虹漕路
8%
华鹏路
8%
下南路
8%
陈春路
8%
乐秀路
8%
临洮路
8%
嘉怡路
8%
金粤路
8%
古浪路
8%
曙建路
8%
新场
8%
徐泾北城
8%
迎春路
8%
沈梅路
8%
东城一路
8%
五莲路
7%
德平路
7%
康恒路
7%
隆昌路
7%
金京路
7%
漕盈路
7%
繁荣路
7%
洲海路
5%
东陆路
5%
申江路
5%
黄杨路
5%
云顺路
5%
丰翔路
5%
祁安路
5%
汇金路
5%
鹤涛路
5%
闵瑞路
5%
浦航路
5%
No matching quizzes found
Score Distribution
Percent of People with Each Score
Percentile by Number Answered
Your Score History
You have not taken this quiz